Mathematics and Pedagogy: (Record no. 183663)
[ view plain ]
| 000 -LEADER | |
|---|---|
| fixed length control field | 00724nam a22002057a 4500 |
| 005 - DATE AND TIME OF LATEST TRANSACTION | |
| control field | 20220121113111.0 |
| 010 ## - LCCN (DPL NO) | |
| LC control number | ENG-130811 |
| 020 ## - INTERNATIONAL STANDARD BOOK NUMBER | |
| International Standard Book Number | 978-93-89811-59-9 |
| Terms of availability | 275.00 |
| 035 ## - SYSTEM CONTROL NUMBER | |
| System control number | EN-114343 |
| 037 ## - SOURCE OF ACQUISITION | |
| Source of stock number/acquisition | DBAD |
| 082 ## - DEWEY DECIMAL CLASSIFICATION NUMBER | |
| Classification number | 510 |
| 100 ## - MAIN ENTRY--PERSONAL NAME | |
| Personal name | Agarwal, Ravi Kant |
| 245 ## - TITLE STATEMENT | |
| Title | Mathematics and Pedagogy: |
| Remainder of title | CTET/TET Subject-wise Magical Series Based on the Latest Pattern/ |
| Statement of responsibility, etc | Ravi Kant Agarwal, Deepak Pandey, Om Prakash |
| 260 ## - PUBLICATION, DISTRIBUTION, ETC. (IMPRINT) | |
| Place of publication, distribution, etc | Chennai |
| Name of publisher, distributor, etc | McGraw Hill Education Private Limited |
| Date of publication, distribution, etc | 2017 |
| 270 ## - ADDRESS | |
| Address | 444/1, Sri Ekambara Naicker Industrial Estate, Alapakkam, Porur |
| City | Chennai |
| Postal code | 600116 |
| 300 ## - PHYSICAL DESCRIPTION | |
| Extent | 320p |
| Dimensions | 23cm(pbk) |
| 700 ## - ADDED ENTRY--PERSONAL NAME | |
| Personal name | Pandey, Deepak |
| 700 ## - ADDED ENTRY--PERSONAL NAME | |
| Personal name | Prakash, Om |
| 942 ## - ADDED ENTRY ELEMENTS (KOHA) | |
| Source of classification or shelving scheme | Dewey Decimal Classification |
| Item type | English Books |
| Classification part | 510 |
| Call number suffix | AGA |
| Withdrawn status | Lost status | Not for loan | Collection code | Home library | Current library | Date acquired | Source of acquisition | Cost, normal purchase price | Full call number | Barcode | Copy number | Cost, replacement price | Koha item type |
|---|---|---|---|---|---|---|---|---|---|---|---|---|---|
| Non-fiction | Patel Nagar | Patel Nagar | 30/12/2021 | DBAD/PUB | 275.00 | 510 AGA | EN-114343 | 1 | 275.00 | English Books |
